000
00315nam a22001337a 4500
005
20231124112248.0
008
231124b |||||||| |||| 00| 0 eng d
041
_a
eng
100
_a
WADHWA, A.D.
_9
8244
245
_a
IDEAS FOR SUCCESS
260
_a
RANCHI
_b
MANOHAR LAL SAMRITI
_c
2023
300
_a
122;p
942
_c
BK
999
_c
8469
_d
8467